000 00844nam a2200289 a 4500
001 14549
003 BD-RjUL
005 20211208235641.0
008 140206s2005 ii a b 001 0 eng d
020 _a8122416829
035 _a(BD-RjUL)14602
035 _a(UkLCURL)014843202
038 _aUkLCURL
040 _aUkCU
_beng
_cUkCU
_dBD-RjUL
041 _aeng
082 0 4 _221
_a531
_bPIS 2005
100 1 _aPillai, S. O.
_945373
245 1 0 _aSolid state physics /
_cS.O. Pillai.
250 _a6th ed.
260 _aNew Delhi :
_bNew Age International,
_cc2005.
300 _axxii, 819 p. :
_bill. ;
_c23 cm.
500 _aPrevious ed.: New Delhi : New Age International, 2002.
504 _aIncludes bibliographical references and index.
650 0 _aSolid state physics
_945374
942 _2ddc
_cBK
_01
999 _c14549
_d14549